中国人均购买彩票最多的省区 China provinces with most lottery purchase - Statistics

General Stats
  • This quiz has been taken 78 times
  • The average score is 6 of 10
Answer Stats
彩票人均 省区 % Correct
163.92 北京
94%
138.18 上海
91%
136.53 广东
91%
189.14 浙江
80%
143.07 陕西
46%
229.22 新疆
45%
192.31 宁夏
38%
163.86 云南
32%
156.30 青海
29%
133.28 内蒙古
29%
No matching quizzes found
Score Distribution
Percent of People with Each Score
Percentile by Number Answered
Your Score History
You have not taken this quiz